000 01328njm a22003137a 4500
005 20100910160550.0
006 a|||||r|||||00| 0
007 sd ammalaaahaa
008 100910t xxu||||| |||| 00| 0 eng d
028 _a45-AE 1502
_bAngel Records
035 _aGR-01974
040 _aSED
_cSED
100 _aMangeshkar, Lata
_919365
245 _aJahan Pyar Milay /
_csang by Lata Mangeshkar; Music by Shankar Jai Kishan; Lyric by Farux Kaiser
_h[sound recording] :
246 _aजहाँ प्यार मिले / लता मंगेशकर
260 _aDum Dum, India :
_c1970
300 _a1 sound disc [Gramophone Recording] :
_banalog, 33 1/3 rpm ;
_c7 in. (LP)
_fGramaphone Records
500 _aBrief record.
505 _aSide1 नस नस में अगन (Nas Nas Men Agan) Lata Mangeshkar, Side 2 ऐ जन इ बहारां (Ae Jan-E-Baharan) Mohd. Rafi
650 _2Excerpts.
_aMotion Picture Music
_bIndia
_919366
700 _a Kishan Shankar, Jai
_919421
700 _a Kaiser, Farux
_919587
700 _aSher, Shamsher Singh
_919579
700 _a Sinha ,Sumitra Kumari
_919538
700 _aGulam Mohammad
_919422
700 _a Shakeel Badayuni
_919423
942 _2ddc
_cGR
999 _c45251
_d45251